La fe de los cristianos
Gardado en:
| Autor Principal: | |
|---|---|
| Formato: | Libro |
| Idioma: | Lingua castelá |
| Publicado: |
Buenos Aires
San Pablo
2008
|
| Edición: | 1a. ed |
| Subjects: | |
| Tags: |
Engadir etiqueta
Sen Etiquetas, Sexa o primeiro en etiquetar este rexistro!
|
MARC
| LEADER | 00000cam a2200000 a 4500 | ||
|---|---|---|---|
| 001 | UCE8224 | ||
| 003 | CL-VaPUC | ||
| 008 | 150728e20080000ag |||||||||||||||||spa|d | ||
| 020 | |a 9789508619303 | ||
| 082 | 0 | 4 | |a 291.4 |b GRU |2 21 |
| 100 | |a Grün, Anselm |e author |9 585290 | ||
| 245 | 1 | 3 | |a La fe de los cristianos |
| 250 | |a 1a. ed | ||
| 300 | |a 156 p | ||
| 942 | |c BK | ||
| 945 | |d 20150728 02:04:00 |a gsalatino | ||
| 260 | |a Buenos Aires |b San Pablo |c 2008 | ||
| 650 | 0 | |a Cristología |9 315091 | |
| 650 | 0 | |a Espiritualidad |9 267331 | |
| 583 | |a last modification |c 20150728 02:04:00 |k Rodrigo Vera | ||
| 999 | |c 360163 |d 360161 | ||
| 952 | |0 0 |1 0 |3 erb |4 0 |6 291_400000000000000_GRU_2008 |7 0 |8 A |9 469809 |a BIBTEO |b BIBTEO |e Villagrán Garnham, Jorge |i 5185807 |o 291.4 GRU 2008 |p 5185807 |r 2024-01-18 |w 2019-11-23 |y BK |z Catalogado en:20150728 |k ICR | ||